How to assess your students : (Record no. 172606)

MARC details
000 -LEADER
fixed length control field 00964cam a2200265 i 4500
001 - CONTROL NUMBER
control field 20692798
003 - CONTROL NUMBER IDENTIFIER
control field OSt
005 - DATE AND TIME OF LATEST TRANSACTION
control field 20260130123230.0
008 - FIXED-LENGTH DATA ELEMENTS--GENERAL INFORMATION
fixed length control field 181001s2018 enka b 001 0 eng d
020 ## - INTERNATIONAL STANDARD BOOK NUMBER
International Standard Book Number 9780198417927 (Paperback)
Terms of availability USD 40.00
040 ## - CATALOGING SOURCE
Original cataloging agency YDX
Language of cataloging eng
Description conventions rda
Transcribing agency YDX
Modifying agency NUST
050 00 - LIBRARY OF CONGRESS CALL NUMBER
Classification number LB3051 CHA
100 1# - MAIN ENTRY--PERSONAL NAME
Personal name Chandler-Grevatt, Andrew
Relator term Author
245 10 - TITLE STATEMENT
Title How to assess your students :
Remainder of title making assessment work for you /
Statement of responsibility, etc. Andrew Chandler-Grevatt.
260 ## - PUBLICATION, DISTRIBUTION, ETC.
Place of publication, distribution, etc. Oxford, United Kingdom :
Name of publisher, distributor, etc. Oxford University Press,
Date of publication, distribution, etc. ©2018.
300 ## - PHYSICAL DESCRIPTION
Extent 224 pages :
Other physical details Illustrations ;
Dimensions 22 cm.
336 ## - CONTENT TYPE
Content type term text
Content type code txt
Source rdacontent
337 ## - MEDIA TYPE
Media type term unmediated
Media type code n
Source rdamedia
338 ## - CARRIER TYPE
Carrier type term volume
Carrier type code nc
Source rdacarrier
440 ## - SERIES STATEMENT/ADDED ENTRY--TITLE
Title Oxford teaching guides.
504 ## - BIBLIOGRAPHY, ETC. NOTE
Bibliography, etc. note Includes bibliographical references and indexes.
650 #0 - SUBJECT ADDED ENTRY--TOPICAL TERM
Topical term or geographic name entry element Educational tests and measurements.
650 #0 - SUBJECT ADDED ENTRY--TOPICAL TERM
Topical term or geographic name entry element Educational measurement.
942 ## - ADDED ENTRY ELEMENTS (KOHA)
Source of classification or shelving scheme Library of Congress Classification
Koha item type Ordinary Loan Books
Classification part LB3051 CHA
Call number prefix LB
Call number suffix GRE
Suppress in OPAC No
Holdings
Withdrawn status Lost status Source of classification or shelving scheme Damaged status Not for loan Collection Home library Current library Shelving location Date acquired Source of acquisition Cost, normal purchase price Total Checkouts Full call number Barcode Date last seen Accession number Cost, replacement price Price effective from Koha item type Public note
    LCC     NFIC MAIN MAIN GEN 02/12/2026 Book Aid International 22.00   LB3051 CHA 92004058060 01/30/2026 63499 22.00 02/12/2026 BOOKS Donation
    LCC     NFIC MAIN MAIN GEN 02/12/2026 Book Aid International 22.00   LB3051 CHA 92004058028 02/12/2026 63498 22.00 02/12/2026 BOOKS Donation